000 00625nab a2200181 4500
001 244442
003 OSt
005 20251105131348.0
007 tu
008 200917s2020|||||||
040 _aDE-2950
_cDE-2950
245 0 0 _aToter Kranich in Frankfurt gefunden
_bVirus H5N1. Das tote Tier wurde im Stadtgebiet entdeckt, der Verdacht auf Vogelgrippe wird überprüft. Die Amtstierärztin äußert sich zur Situation/
_cFlorian Luber
264 _c2025
653 _aFrankfurt (Oder)
653 _aVogelgrippe
773 0 _g36. Jahrgang (2025) Nr. 252 vom 98.10.2025, S. 13 mit Foto
_tMärkische Oderzeitung
942 _2z
_cA
999 _c374095
_d374095